000 00457nam a22001457a 4500
999 _c109149
_d109149
005 20181129102421.0
008 181129b ||||| |||| 00| 0 eng d
040 _cPK-LaUMT
082 _aRHC 891.439309
_bALI-N
100 _aAli abbas Hussaini
245 _aNoval ki tareekh aur tanqeed (ناول کی تاریخ اور تنقید)
_cAli abbas Hussaini
260 _aعلی گڑھ:
_bایجوکیشنل بک ہاوس
_c1990
300 _a384
942 _cBK